000 01006cab a2200289 4500
001 ABS59642
008 090401t1998 xxu||||| |||| 00| 0 eng d
035 _a(Sirsi) u89635
041 _aeng
100 _aWood, T.
245 _aFashions on parade
260 _c1998
350 _a0
490 _aEstates Gazette
_v(9845) 7 November 1998, 142-145(3)
520 _aThe growth in retail expenditure share for purpose-built shopping centres is analysed and the number of comparison-dominated versus convenience -dominated schemes is discussed. Future prospects for such schemes, as well as traditional high streets and existing town centres, are considered.
650 _aCOMPARISON GOODS
650 _aCONVENIENCE GOODS
650 _aFUTURE
650 _aHIGH STREETS
650 _aRETAIL EXPENDITURE
650 _aSHOPPING CENTRES
650 _aTOWN CENTRES
690 _aPROPERTY-COMMERCIAL PROPERTY-RETAIL PROPERTY
700 _aSteventon, K.
942 _n0
948 _c12/11/1998
999 _c56740
_d56740